000 003720000a22001690004500
020 _a958-30-1470-2
082 0 4 _aB P191n
110 1 _aPanamericana Editores
245 1 0 _aLos Numeros
260 _aChina
300 _a10 Pag
440 0 _aMi pimer puzzle baño con...
500 _aLibro en fomi para bebes
505 0 0 _aLos números
001 1907
942 _cLGB
999 _c49060
_d49060